|
|
|
|
| LEADER |
01302nam a2200265 a 4500 |
| 001 |
4732739 |
| 008 |
100927r20091985maua b 001 0 eng d |
| 010 |
|
|
|a 84014542
|
| 020 |
|
|
|a 9788131703069
|
| 020 |
|
|
|a 0201119455
|
| 040 |
|
|
|a DLC
|c DLC
|d DLC
|d BD-DhAAL
|
| 082 |
0 |
0 |
|a 001.53/5
|2 19
|
| 100 |
1 |
|
|a Charniak, Eugene.
|
| 245 |
1 |
0 |
|a Introduction to artificial intelligence /
|c Eugene Charniak, Drew McDermott.
|
| 260 |
|
|
|a Reading, Mass. ;
|a New Delhi :
|b Addison-Wesley,
|c c1985.[reprinted 2009]
|
| 300 |
|
|
|a xvii, 701 p. :
|b ill. ;
|c 24 cm.
|
| 504 |
|
|
|a Includes Bibliography: p. ([663]-685.) and index.
|
| 541 |
1 |
|
|e 00021086
|
| 650 |
|
0 |
|a Artificial intelligence.
|
| 700 |
1 |
|
|a McDermott, Drew V.
|
| 852 |
4 |
|
|a Ayesha Abed Library
|j General shelf
|
| 999 |
|
|
|c 9565
|d 9565
|
| 952 |
|
|
|0 0
|1 0
|2 ddc
|4 0
|6 001_535000000000000_CHA_2009
|7 0
|9 12147
|a BRACUL
|b BRACUL
|c GEN
|d 2010-09-28
|l 14
|m 178
|o 001.535 CHA
|p 3010021086
|q 2025-10-30
|r 2023-10-30
|s 2023-10-30
|t 1
|w 2010-09-28
|y BK
|
| 952 |
|
|
|0 0
|1 0
|2 ddc
|4 0
|6 001_535000000000000_CHA_2009
|7 0
|9 12148
|a BRACUL
|b BRACUL
|c GEN
|d 2010-09-28
|l 10
|m 111
|o 001.535 CHA
|p 3010021087
|r 2024-03-02
|s 2023-12-18
|t 2
|w 2010-09-28
|y BK
|
| 952 |
|
|
|0 0
|1 0
|2 ddc
|4 0
|6 001_535000000000000_CHA
|7 0
|9 16510
|a BRACUL
|b BRACUL
|c GEN
|d 2011-05-18
|l 4
|m 39
|o 001.535 CHA
|p 3010010572
|r 2019-07-28
|s 2019-07-16
|t 3
|w 2011-05-18
|y BK
|